| 000 | 00648nam a22001337a 4500 | ||
|---|---|---|---|
| 040 | _cRUA | ||
| 082 | _aVEM OUK 2015 B525 Or.1 | ||
| 100 | _aOUK VANNY; អ៊ួក វន្នី | ||
| 245 | _aEffict of sulf adine on eimeria in gastrointestine of cattle in sre ronong commune, tram kak district, takeo province, ប្រសិទ្ធភាព SULFADINE ទៅលើ EIMERIA ក្នុងក្រពះពោះវៀនគោនៅឃុំស្រែរនោង ស្រុកត្រាំកក់ ខេត្តតាកែវ | ||
| 260 |
_aRUA _bOUK _c2015 |
||
| 300 |
_ax,52p. _bill. _c29cm. |
||
| 856 | _uOUK VANNY | ||
| 942 | _cAED | ||
| 999 |
_c10642 _d10642 |
||